000
00300nam a22001457a 4500
003
SGT
020
_a
9788120343146
082
_b
MCG
100
_a
MC GRATH E.H
245
_a
BASIC MANAGERIAL SKILLS FOR ALL
250
_a
9TH
260
_b
PHI LEARNING
_c
2018
300
_a
812
942
_2
ddc
_c
BK
999
_c
16363
_d
16363